[Event "Grenke Chess Classic 6th"]
[Site "Karlsruhe/Baden Baden"]
[Date "2019.04.21"]
[Round "2"]
[White "Vallejo Pons, Francisco"]
[Black "Carlsen, Magnus"]
[Result "0-1"]
[WhiteElo "2693"]
[BlackElo "2845"]
[Annotator "Krasenkow,Michal"]
[PlyCount "146"]
[EventDate "2019.04.20"]
[EventType "tourn"]
[EventRounds "9"]
[EventCountry "GER"]
[EventCategory "19"]
[SourceTitle "CBM 190"]
[Source "ChessBase"]
[SourceDate "2019.06.30"]
[SourceVersion "1"]
[SourceVersionDate "2019.06.30"]
[SourceQuality "1"]

{[%evp 0,146,38,42,40,11,25,8,16,3,-12,10,11,12,74,44,24,24,17,23,5,12,21,-3,18,16,9,4,2,22,27,19,19,25,16,26,14,16,16,34,43,-8,27,-4,7,9,10,15,17,-4,0,-6,-16,-20,5,-1,25,19,11,31,25,34,66,48,52,67,48,-17,-26,-26,-16,-31,-29,-50,-20,-200,-72,-89,-109,-174,-194,-198,-171,-110,-103,-101,-85,-96,-103,-93,-93,-162,-173,-208,-193,-187,-171,-208,-193,-196,-196,-204,-200,-195,-192,-208,-211,-207,-197,-206,-207,-209,-207,-207,-216,-222,-208,-233,-229,-229,-222,-222,-222,-222,-204,-222,-206,-193,-194,-204,-188,-249,-251,-203,-246,-517,-517,-517,-517,-517,-517,-517,-517,-517,-517,-29992,-29978,-29979,-797]} 1. e4 e5 2. Nf3 Nc6 3. Bb5 a6 4. Ba4 Nf6 5. O-O Bc5 6. c3 O-O 7. d4 Ba7 8. dxe5 Nxe4 9. Bc2 (9. Qd5 {is the main move in this position. A recent example from the World Champion's practice:} Nc5 10. Bc2 Ne7 11. Qd1 d5 12. exd6 Qxd6 13. Qxd6 cxd6 14. Rd1 (14. Re1 Re8 15. Be3 Bf5 16. Na3 Bxc2 17. Bxc5 dxc5 18. Nxc2 Nc6 $11 {1/2 (84) Vachier Lagrave,M (2780)-Fressinet,L (2640) Brest 2019}) 14... Bg4 $5 15. Rxd6 Bf5 $1 16. Na3 Ne4 17. Bxe4 Bxe4 18. Rd1 Nf5 19. Nc4 Rfe8 20. Be3 Bxe3 21. Nxe3 Nxe3 22. fxe3 Bxf3 23. gxf3 Rxe3 24. Rd7 Rb8 $11 {1/2 (41) Karjakin,S (2782)-Carlsen,M (2843) Stavanger 2018}) 9... d5 10. exd6 Nxd6 11. Bg5 f6 12. Bf4 g5 $5 $146 {A curious concept. Magnus Carlsen complicates (disbalances) the position. There have been two old games which continued:} (12... Bg4 13. Qd3 Bf5 14. Qd5+ Kh8 15. Bxf5 Ne7 16. Qb3 Nexf5 17. Nbd2 Qd7 18. Rad1 Qc6 $11 {1-0 (62) Gurnhill,C-Blake,J Edinburgh 1926}) (12... Kh8 13. Bxd6 cxd6 14. Qd5 Ne5 15. Nbd2 Bd7 $6 (15... Qc7) 16. Qxd6 $6 (16. Nxe5 fxe5 (16... dxe5 17. Qxb7 Bb5 18. Rfd1 Be2 $2 19. Qe4) 17. Qxb7 $16 Bb5 $140 $2 18. c4) 16... Bb5 17. Qxd8 Raxd8 18. Rfe1 Ng4 19. Nd4 Rxd4 $1 20. cxd4 Bxd4 $44 {0-1 (35) Horn,C-Gabinara,A San Marino 1950}) 13. Bxd6 (13. Bg3 f5 $5 14. Qd5+ Nf7 $1 15. Qxd8 Rxd8 16. Bxc7 $140 $2 Rd7 17. Bg3 f4) 13... Qxd6 14. Qxd6 cxd6 15. Nbd2 (15. Bb3+ $5 Kg7 16. Na3 {preventing ...d6-d5} Bg4 $1 17. Bd5 Rae8 $13) 15... g4 $146 (15... d5 $142 $13) ({RR} 15... d5 16. Rfe1 Bg4 17. Bb3 Rad8 18. Rad1 Kh8 19. h3 Bh5 20. Nf1 d4 21. Ng3 Bg6 22. cxd4 Nxd4 23. Nxd4 Bxd4 24. Rd2 Be5 25. Rde2 Bd3 26. Rd2 Bg6 27. Rde2 Bd3 {½-½ (27) Nepomniachtchi,I (2792)-Svidler,P (2683) Chess.com INT 2022}) ({RR} 15... Kg7 16. Rad1 g4 17. Nh4 f5 18. Nc4 d5 19. Nd6 Ne7 20. Rfe1 Kf6 21. Re2 Bc5 22. Ndxf5 Nxf5 23. Nxf5 Be6 24. Nd4 Bg8 25. Rde1 Rac8 26. Bf5 {1-0 (26) Shirov,A (2681)-Van Foreest,J (2702) Maastricht 2022}) 16. Nh4 d5 17. Nf5 (17. Rfe1 $142 d4 (17... Bd7 18. Bb3) 18. Rad1 {creating a kind of domination in the centre but that was not easy to evaluate!}) 17... d4 18. Nc4 Bxf5 19. Bxf5 h5 $11 {The position is roughly equal but complicated enough for the World Champion to outplay his opponent.} 20. Rad1 Rfd8 21. a4 Ne7 22. Be6+ Kg7 23. Rfe1 f5 24. Na5 Rab8 25. Kf1 Kf6 26. Bb3 Ng6 27. Re6+ Kg5 28. g3 dxc3 29. bxc3 Rxd1+ 30. Bxd1 {[%mdl 4096]} Rd8 31. f4+ $5 gxf3 32. Bxf3 h4 33. Nc4 (33. Bxb7 Rd2 34. gxh4+ Nxh4 35. Rxa6 $13 {looked too risky to White but after the text move the initiative firmly belongs to Black.}) 33... hxg3 34. hxg3 Bb8 35. Kg2 b5 36. axb5 axb5 37. Ne3 $2 (37. Na3 $1 f4 38. Be4 Nf8 39. Rb6 fxg3 40. Rxb5+ Kf4 41. Rd5 Re8 42. Bf3 Ng6 43. Rd4+ Kf5 44. Nc4 $11) 37... Rd2+ (37... f4 $1 38. Be4 Nf8 39. gxf4+ Bxf4 40. Rb6 Bxe3 41. Rxb5+ Kf4 $17) 38. Kh3 Rd3 39. Be2 Rxc3 40. Bxb5 f4 41. Be8 Nf8 42. Rb6 Be5 (42... fxe3 43. Rxb8 e2 44. Rb1 Re3 45. Re1 Rxe8 46. Kg2 $11 {[%cal Yg2f2,Ye1e2]}) 43. Nf1 fxg3 44. Rc6 Ra3 45. Rb6 Ra2 46. Rb4 Ne6 47. Rg4+ Kf6 48. Bc6 $2 (48. Rxg3 $1 Bxg3 (48... Ng5+ 49. Kg4) 49. Kxg3 {is a theoretical draw while "R+B vs B+N" is theoretically won in case of opposite-coloured bishops. True, that position is very difficult. I failed to score a victory against GM Kivanc Haznedaroglu in a similar situation but Magnus Carlsen manages it much better.}) 48... g2 $1 49. Bxg2 Nf4+ 50. Rxf4+ Bxf4 51. Bf3 Bb8 52. Ng3 Kg5 53. Ne2 Bc7 54. Kg2 Kh4 55. Kf2 Bb6+ 56. Ke1 Be3 57. Kd1 Kg5 58. Be4 Kf6 59. Bf3 Ke5 60. Bg2 Kd6 61. Be4 Kc5 62. Bf5 Rd2+ 63. Ke1 Rd8 64. Be4 Kc4 65. Kf1 $6 ({This endgame is almost impossible to explain. For some reason,} 65. Ng3 {was better. If} Re8 {then} 66. Bg6) 65... Rf8+ 66. Ke1 $2 ({And here the stalemate trick} 66. Kg2 $3 Rf2+ 67. Kh1 $3 {was White's last chance to continue resistance.} Rxe2 $4 68. Bd3+ $1 Kxd3 $11) 66... Bf2+ $1 {Black forces White's king to the a1 corner and mates it there.} 67. Kd2 (67. Kf1 Bc5+ 68. Ke1 Bb4+ 69. Kd1 Rd8+ 70. Kc1 Bd2+ 71. Kc2 Be3 {leads to the same outcome.}) 67... Rd8+ 68. Kc2 Be3 69. Bf3 Rd2+ 70. Kb1 Kb3 71. Nc1+ Ka3 72. Ne2 Rb2+ 73. Ka1 Rb8 {[%cal Re3g5,Rg5f6]} 0-1

[Event "Grenke Chess Classic 6th"]
[Site "Karlsruhe/Baden Baden"]
[Date "2019.04.23"]
[Round "4"]
[White "Caruana, Fabiano"]
[Black "Carlsen, Magnus"]
[Result "1/2-1/2"]
[WhiteElo "2819"]
[BlackElo "2845"]
[PlyCount "142"]
[EventDate "2019.04.20"]
[EventType "tourn"]
[EventRounds "9"]
[EventCountry "GER"]
[EventCategory "19"]
[SourceTitle "CBM 190"]
[Source "ChessBase"]
[SourceDate "2019.06.30"]
[SourceVersion "1"]
[SourceVersionDate "2019.06.30"]
[SourceQuality "1"]

1. e4 {Nielsen,Peter Heine So,Wesley} c5 2. Nf3 Nc6 3. d4 cxd4 4. Nxd4 Nf6 5. Nc3 e5 6. Ndb5 d6 7. Nd5 ({RR} 7. Bg5 a6 8. Na3 b5 9. Bxf6 gxf6 10. Nd5) 7... Nxd5 8. exd5 Ne7 ({RR} 8... Nb8) 9. c4 ({RR} 9. c3 Ng6 ({RR} 9... f5 10. Qa4 Kf7 11. Qb4) 10. Qa4 Bd7 11. Qc4 Rc8 12. Qb4) 9... Ng6 10. Qa4 Bd7 11. Qb4 Bf5 ({RR} 11... Qb8 12. h4 h5 13. Be2 a6 14. Nc3 Be7 15. g3) ({RR} 11... Bxb5 12. Qxb5+ Qd7) 12. h4 h5 ({RR} 12... Be7 13. h5 Nf4 14. Be3 a6 15. Nc3 Nd3+ 16. Bxd3 Bxd3 17. Rd1) ({RR} 12... a6 13. h5) 13. Bg5 ({RR} 13. Be3 a6 ({RR} 13... Be7 14. Nxa7 ({RR} 14. Bxa7 O-O 15. g3 b6) ({RR} 14. g3) 14... O-O 15. Bb6 ({RR} 15. g3 Be4 16. Rh2 Bf3 17. Nb5 f5) ({RR} 15. Qxb7 Qa5+ 16. b4 Qa3) ({RR} 15. Nb5 Nxh4) ({RR} 15. Be2 Nf4) ({RR} 15. a4 Nxh4) 15... Qd7 16. Qb5 Bd8 17. Qxd7 Bxd7 18. Bxd8 Rfxd8 19. Nb5 Bxb5 20. cxb5 Ra4 21. g3 Rc8) 14. Nc3 Qc7 ({RR} 14... Be7 15. Qxb7 O-O 16. O-O-O Nxh4 17. Qb6) 15. g3 ({RR} 15. Qa4+ Bd7 16. Qd1 Ne7) 15... Be7 16. f3 ({RR} 16. Qa4+ Bd7 17. Qd1 Bg4 18. Be2 Bxe2 19. Qxe2) ({RR} 16. Be2 Nf8) 16... Nf8 ({RR} 16... O-O 17. Be2 Bd7 18. a4 f5 19. f4 exf4 20. gxf4) 17. Ne4 Nd7 ({RR} 17... Bxe4 18. fxe4 Nd7 19. Bh3) 18. Bd3 O-O ({RR} 18... Bg6) 19. Rh2 ({RR} 19. O-O Bg6 20. Qd2) ({RR} 19. O-O-O b5) 19... Rac8 ({RR} 19... Bg6) 20. O-O-O Bg6 21. Rc2 ({RR} 21. Kb1 f5 22. Ng5 Bxg5 23. hxg5 e4 24. fxe4 Ne5 25. Be2) 21... f5 22. Nf2 ({RR} 22. Ng5 Bxg5 23. hxg5 e4) 22... Nc5 23. f4 ({RR} 23. Bxc5 dxc5 24. Qe1 Rfe8) 23... a5 ({RR} 23... exf4 24. Bxf4 b5 25. Qd2 ({RR} 25. Kb1 a5 26. Qxb5 Be8) 25... Bf6) ({RR} 23... b5) 24. Qd2 e4 ({RR} 24... Bf6 25. Be2 exf4 26. gxf4 Rfe8 27. Rg1 ({RR} 27. Bd4 Qe7) 27... Bf7 28. Kb1 a4 29. Bf3 Rxe3 30. Qxe3 Re8 31. Qa3 Bd4) 25. Be2 Be8 26. Kb1 Bf6 ({RR} 26... Ba4 27. Bxh5 b5) 27. Re1 ({RR} 27. Nh3 Ba4 28. b3 Bxb3 29. axb3 Nxb3 30. Qe1 b5 31. c5) 27... a4 {Caruana,F (2832)-Carlsen,M (2835) London 2018 CBM 187 [So,Wesley] ½-½ (31)} ({RR} 27... Ba4 28. Rcc1 ({RR} 28. b3 Bxb3 29. axb3 Nxb3 30. Qd1 a4 31. Bxh5 ({RR} 31. Ka2 Qa5 32. Qb1 b5) 31... Qa5 32. Bg6 Qb4 33. Qh5 ({RR} 33. Ka2 Nc1+) 33... Rfd8 34. Bxf5 Nd4+ 35. Rb2 Qxe1+ 36. Ka2 Nxf5 37. Qxf5 Bxb2) ({RR} 28. Bxh5 Bxc2+ 29. Qxc2 b5 30. cxb5 Qd7 31. Qe2 Na4) 28... b5 29. cxb5 ({RR} 29. Bxh5 Qb7) ({RR} 29. Bd4 Bxd4 30. Qxd4 bxc4 31. Rxc4 Rb8) 29... Qb6 30. Bd4 Bxd4 31. Qxd4 Bxb5 32. Bxh5 a4)) ({RR} 13. Be2 Be7 14. g3 a6 15. Nc3 e4) 13... Qb8 ({RR} 13... Be7 14. Bxe7 Kxe7 15. c5 dxc5 16. Qxc5+ Kf6 17. Nd6) 14. Qa4 $146 ({RR} 14. Be2 a6 15. Nc3 Qc7 ({RR} 15... Nf4 16. Bf1 Be7 17. Bxe7 Kxe7 18. g3 Ng6 19. Qb6) 16. g3 Be7 17. Be3 Nf8 18. a4 Nd7 19. a5 O-O 20. Bxh5 Bd3 21. Be2 Bxe2 22. Kxe2 f5 23. f3 Nf6 24. Kd2 Rac8 25. b3 Nh5 26. Rag1 Bd8 27. Kc2 Qd7 28. Rh2 Rf7 {Alekseenko,K (2650)-Kuzubov,Y (2671) Konya 2019 1-0 (42)}) ({RR} 14. g3 a6 15. Nc3 Be7 16. Be2 Qc7) ({RR} 14. Qa5 b6 15. Qa4 Bd7 16. Bd3 Be7 ({RR} 16... a6 17. Bf5) 17. Bxg6 fxg6 18. Bxe7 Kxe7 19. Qc2 Kf7) ({RR} 14. g3 a6 15. Nc3 Qc7 16. Be2 Be7 17. Be3 e4 18. Qa4+ Bd7 19. Qb3 Bf5 20. O-O Ne5 21. Bd4 O-O 22. Bxh5 Rac8 23. Rad1 Nxc4 24. Rfe1 e3 25. Bxe3 Nxe3 26. Rxe3 Bf6 27. Rde1 Qd7 28. Qb6 Rc4 {Polak,T (2443)-Hrbek,S (2446) Plzen CZE 2025 0-1 (39)}) ({RR} 14. Be2 a6 15. Nc3 Qc7 16. g3 Be7 17. Be3 e4 18. O-O O-O 19. Bxh5 Ne5 20. Be2 Qd7 21. Qa4 Qc8 22. c5 ({RR} 22. Qd1 Nxc4 23. Bxc4 Qxc4 24. Bd4) 22... dxc5 23. Nxe4 c4 24. Nc3 b5 ({RR} 24... Bd3 25. Bxd3 Nf3+ 26. Kg2 Nxh4+) 25. Qd1 b4 26. Na4 Be4 27. Qd4 ({RR} 27. f3 Qh3) 27... Qf5 28. f4 ({RR} 28. f3 Nxf3+ ({RR} 28... Bxf3 29. Rae1) 29. Bxf3 Bxf3 30. Qf4) 28... Qg6 {Karjakin,S (2753)-Carlsen,M (2845) Shamkir 2019 CBM 190 [Nielsen,Peter Heine] 0-1 (39)} ({RR} 28... Nd3 29. g4 Qh7 30. h5)) ({RR} 14. g3 a6 15. Nc3 Be7 16. Be3 O-O 17. Be2 e4 18. Bxh5 Ne5 19. Be2 Qc8 20. Na4 Bd8 21. Qxd6 Nxc4 22. Qf4 Bc7 23. Qg5 f6 24. Qh5 Ne5 25. Rc1 Bg6 26. Qxe5 fxe5 27. O-O Qb8 28. Nc5 Bd6 {Karjakin,S (2750)-Inarkiev,E (2682) Nazran 2019 0-1 (43)}) 14... Bd7 15. Qc2 Bxb5 16. cxb5 Be7 17. Bd3 Nf8 18. b6 Nd7 19. bxa7 Qxa7 20. O-O Bxg5 21. hxg5 O-O 22. Bf5 Rad8 23. b4 Qd4 24. Qc7 Nb6 25. Rad1 Qf4 26. Bh3 Na4 27. g6 fxg6 28. Qc2 b5 29. Qxg6 Rf6 30. Qxh5 g6 31. Qg4 Qxg4 32. Bxg4 Rf4 33. Be6+ Kg7 34. Rc1 Rxb4 35. Rc7+ Kh6 36. g3 Nc5 37. f4 exf4 38. Rxf4 Rxf4 39. gxf4 Ra8 40. Rc6 Ne4 41. Bh3 Rxa2 42. Bg2 Ng3 43. Rxd6 Ne2+ 44. Kf1 Nxf4 45. Be4 Ra4 46. Bxg6 Nxg6 47. Rb6 Rf4+ 48. Ke1 b4 49. d6 Rd4 50. d7 Rxd7 51. Rxb4 Kg5 52. Ke2 Re7+ 53. Kd2 Kf5 54. Rb5+ Ne5 55. Rb4 Rd7+ 56. Ke2 Nd3 57. Ra4 Nf4+ 58. Ke1 Kg4 59. Ra3 Rd8 60. Rc3 Rh8 61. Ra3 Rh2 62. Kd1 Kf5 63. Re3 Nd5 64. Re8 Kf4 65. Kc1 Nc3 66. Re7 Ne4 67. Re8 Ke3 68. Re7 Rh6 69. Rc7 Kd3 70. Rd7+ Rd6 71. Rxd6+ Nxd6 1/2-1/2